000 00371nam a2200133Ia 4500
008 211109s9999||||xx |||||||||||||| ||und||
082 _a894.8123
_bK T.
100 _aK T Sethunadh,
245 0 _aAgni Golam
260 _bCurrent Books
_aTrichur
_c1900
630 _xGENERAL STACK
650 _aMalayalam Literature
_vMalayalam Fiction
_xLiteratureGeneralia
942 _cBOOK
999 _c58184
_d58184